000
00326nam a2200133Ia 4500
100
_a
Viterbi/A.Jand omura/J.K
942
_c
BK
654
_a
Communication
245
_a
Principles of digital communication and coding
260
_b
McGraw Hill
_a
Tokyo
_c
1979
082
_a
621.38
_b
VIT/OMU
300
_a
560
546
_a
ENGLISH
999
_c
29625
_d
29625